| 000 | 00637nam a2200277Ia 4500 | ||
|---|---|---|---|
| 005 | 20260401122354.0 | ||
| 008 | 008 250103s9999 xx 000 0 eng d | ||
| 020 | _a9780393931402 | ||
| 037 | _aTB | ||
| 040 | _aEDL | ||
| 040 | _beng | ||
| 040 | _cEDL | ||
| 041 | _2eng | ||
| 041 | _aeng | ||
| 084 | _a822.33 S-V GRE | ||
| 084 | _qEDL | ||
| 245 | 0 | _aNorton Shakespeare: Based on the Oxford Edition-Tragedies | |
| 260 | _aNew-York | ||
| 260 | _bW.W. Norton & Company | ||
| 260 | _c2008 | ||
| 300 | _a1141p | ||
| 942 | _cTB | ||
| 942 | _h822.33 S-V GRE | ||
| 999 |
_c1846851 _d1846851 |
||